<?xml version="1.0" encoding="UTF-8"?>
<collection xmlns="http://www.loc.gov/MARC21/slim">
 <record>
  <leader>00472nam a22001455a 4500</leader>
  <controlfield tag="001">EEO.bibeco005559</controlfield>
  <controlfield tag="003">AR-BaUEB</controlfield>
  <controlfield tag="005">20110412134609.0</controlfield>
  <controlfield tag="008">080718s1947####fr############000#0#fre#d</controlfield>
  <datafield tag="245" ind1="1" ind2="0">
   <subfield code="a">Actes.</subfield>
  </datafield>
  <datafield tag="260" ind1=" " ind2=" ">
   <subfield code="a">Louvain :</subfield>
   <subfield code="b">Nauwelaerts,</subfield>
   <subfield code="c">1947.</subfield>
  </datafield>
  <datafield tag="300" ind1=" " ind2=" ">
   <subfield code="a">260 p.</subfield>
  </datafield>
  <datafield tag="110" ind1="2" ind2=" ">
   <subfield code="a">Congrés des Sociétes de Philosophie de Langue Française.</subfield>
   <subfield code="b">3º .</subfield>
   <subfield code="b">Bruxelles-Louvain, 2-6 septembre 1947.</subfield>
  </datafield>
  <datafield tag="082" ind1="0" ind2="4">
   <subfield code="a">B338.521</subfield>
  </datafield>
  <datafield tag="859" ind1=" " ind2=" ">
   <subfield code="a">AR-BaUEB</subfield>
   <subfield code="b">BIB. ECONOMIA - BACIC</subfield>
   <subfield code="h">338.521</subfield>
   <subfield code="i">C76</subfield>
   <subfield code="k">B</subfield>
   <subfield code="p">e08014</subfield>
  </datafield>
 </record>
</collection>
